Skoczkowie z występami w Pucharze Świata w sezonie 25/26 - Statystyki

Ogólne statystyki
  • Ten quiz został rozwiązany 69 razy
    32 od ostatniego zresetowania
  • Średni wynik to 67 z 112
Statystyki odpowiedzi
Kraj Skoczek Występy Punkty % Poprawnych
Daniel Tschofenig 17 697
100%
Austria Jan Hörl 18 720
100%
Stefan Kraft 14 491
100%
Stephan Embacher 18 615
100%
Słowenia Domen Prevc 18 1 414
94%
Manuel Fettner 18 408
94%
Anže Lanišek 16 717
88%
Junshirō Kobayashi 6 4
82%
Keiichi Satō 2 1
82%
Niemcy Philipp Raimund 17 670
82%
Ren Nikaidō 17 761
82%
Japonia Ryōyū Kobayashi 17 947
82%
Sakutarō Kobayashi 17 40
82%
Timi Zajc 16 215
82%
Yukiya Satō 17 89
82%
Clemens Aigner 2 24
76%
Dawid Kubacki 16 54
76%
Felix Hoffmann 15 576
76%
Halvor Egner Granerud 18 206
76%
Johann André Forfang 18 283
76%
Jonas Schuster 14 237
76%
Polska Kacper Tomasiak 18 342
76%
Kamil Stoch 16 148
76%
Karl Geiger 14 34
76%
Klemens Joniak 4 1
76%
Maciej Kot 13 76
76%
Marius Lindvik 17 263
76%
Maximilian Ortner 14 178
76%
Paweł Wąsek 16 54
76%
Piotr Żyła 13 96
76%
Simon Ammann 15 26
76%
Francja Valentin Foubert 18 270
76%
Bułgaria Władimir Zografski 16 288
76%
Aleksander Zniszczoł 9 0
71%
Andreas Wellinger 14 57
71%
Finlandia Antti Aalto 16 114
71%
Kevin Bickner 18 47
71%
Norwegia Kristoffer Eriksen Sundal 18 299
71%
Lovro Kos 9 0
71%
Markus Müller 1 10
71%
Naoki Nakamura 17 315
71%
Noriaki Kasai 2 0
71%
Pius Paschke 16 170
71%
Rok Oblak 18 54
71%
Tomofumi Naitō 17 85
71%
Žiga Jančar 4 12
71%
Constantin Schmid 2 0
65%
Enzo Milesi 4 0
65%
Felix Trunz 16 19
65%
Giovanni Bresadola 17 15
65%
Szwajcaria Gregor Deschwanden 16 153
65%
Jakub Wolny 2 0
65%
Jules Chervet 18 0
65%
Niko Kytösaho 10 80
65%
Remo Imhof 2 0
65%
Sandro Hauswirth 18 72
65%
Włochy Alex Insam 16 24
59%
Estonia Artti Aigro 13 80
59%
Eetu Nousiainen 6 0
59%
Erik Belshaw 15 0
59%
Fatih Arda İpcioğlu 15 0
59%
USA Jason Colby 16 128
59%
Ukraina Jewhen Marusiak 16 9
59%
Kaimar Vagul 4 0
59%
Killian Peier 11 4
59%
Czechy Roman Koudelka 18 38
59%
Tate Frantz 17 5
59%
Vilho Palosaari 16 0
59%
Witalij Kaliniczenko 16 2
59%
Žak Mogel 7 1
59%
Adam Niżnik 2 0
53%
Ben Bayer 6 0
53%
Korea Południowa Choi Heung-chul 8 0
53%
Clemens Leitner 2 0
53%
Rumunia Daniel Cacina 11 0
53%
Danił Wasiljew 16 28
53%
Decker Dean 2 0
53%
Francesco Cecon 8 0
53%
Kazachstan Ilja Miziernych 15 31
53%
Luca Roth 8 3
53%
Kanada Mackenzie Boyd-Clowes 17 1
53%
Mihnea Spulber 11 0
53%
Rok Masle 1 0
53%
Sabirżan Muminow 2 0
53%
Andrew Urlaub 15 5
47%
David Rygl 6 0
47%
Słowacja Hektor Kapustík 14 11
47%
Isak Andreas Langmo 10 28
47%
Jarkko Määttä 5 0
47%
Juri Kesseli 11 9
47%
Niklas Bachlinger 2 0
47%
Robin Pedersen 4 16
47%
Benjamin Østvold 12 67
41%
Kasperi Valto 5 0
41%
Alessandro Batby 3 0
35%
Turcja Muhammed Ali Bedir 16 0
35%
Siergiej Tkaczenko 2 0
35%
Song Qiwu 3 0
29%
Swiatosław Nazarienko 13 0
29%
Yanick Wasser 2 5
29%
Julijan Smid 2 0
24%
Louis Obersteiner 5 0
24%
Nurszat Tursunżanow 3 0
24%
Tomas Kuisma 2 0
24%
Chiny Lü Yixin 8 0
18%
Maximilian Gartner 2 0
18%
Tarik Vanwieren 2 0
18%
Zhen Weijie 6 0
18%
Gō Yamamoto 2 0
12%
Max Unglaube 2 0
6%
Paavo Romppainen 1 0
6%
Andero Kapp 2 0
0%
Nie znaleziono quizów pasujących do podanych kryteriów
Rozkład punktacji
Procent ludzi z każdym wynikiem
Percentyl według liczby udzielonych odpowiedzi
Twoja historia wyników
Nie rozwiązałeś tego quizu od ostatniego zresetowania